00773nas a2200229Ia 4500001001100000003000900011008004100020040001300061040001300074041001300087100005300100210001200153222001200165245006700177250001100244260002400255501008600279300001800365362003300383500009100416650003600507R016/42642IT-RoPAU151124c99999999xx |||||||||||| ||und|| aIT-RoPAU cIT-RoPAU aITALIANO aCappabianca AlessandrogCodice Aut. SPICS: 8481 aFICTION aFiction aFICTION, ANNO 01-N.01 (ESTATE 1977)b3 Pratiche di Scollamento a1a ed. aROMAbFICTIONc1977 bPaulus - SPICS - Società San Paolo EM (non-commercial uses only)cCopyright2015 a18 p. [23-40] aANNO 001, N.01 (ESTATE 1977) aSpettri. Flagranza e Vuoti del Discorso. Melodramma. Comico. Fotografia. Foto di Nudi. aCINEMAvPUBBLICAZIONE PERIODICA